| 000 | 00570nam a2200229Ia 4500 | ||
|---|---|---|---|
| 003 | OSt | ||
| 005 | 20230412115957.0 | ||
| 008 | 210423s2009 xx 000 0 und d | ||
| 020 | _a- | ||
| 040 | _cAL | ||
| 041 | _aeng | ||
| 082 |
_a333.7 _223 _bHIND |
||
| 100 |
_aHINDU _986942 |
||
| 245 | _aSurvey of the environment 2009 | ||
| 260 |
_aChennai _bKasturi & Sons Ltd _c2009 |
||
| 300 |
_a152 _bPB |
||
| 365 |
_b60 _cINR |
||
| 650 |
_aEconomics _986943 |
||
| 650 |
_aNatural Resources & Energy _986944 |
||
| 906 | _a2009 ; environment ; Survey | ||
| 942 |
_2ddc _cBK |
||
| 999 |
_c157214 _d157214 |
||